|
|
|
|
| LEADER |
00978nam a2200253 a 4500 |
| 001 |
7821018 |
| 008 |
090416r20051931enk 000 0 eng d |
| 020 |
|
|
|a 8185944636
|
| 020 |
|
|
|a 9788185944630
|
| 010 |
|
|
|a 33021701
|
| 040 |
|
|
|a DLC
|c UU
|d DLC
|d BD-DhAA
|
| 082 |
|
|
|a 820.9
|2 22
|
| 100 |
2 |
|
|a Compton-Rickett, Arthur,
|d 1869-1937.
|
| 245 |
1 |
2 |
|a A history of English literature,
|c by Arthur Compton-Rickett.
|
| 260 |
|
|
|a London,
|a Edinburgh,
|b T. C. & E. C. Jack, limited, ;
|a New Delhi :
|b UBSPD,
|c 1931.[Reprinted 2005]
|
| 300 |
|
|
|a xi, 702 p. 1 l.
|c 24 cm.
|
| 504 |
|
|
|a Includes index.
|
| 541 |
1 |
|
|e 00014257
|
| 650 |
|
0 |
|a English literature
|x History and criticism.
|
| 650 |
|
0 |
|a American literature
|x History and criticism.
|
| 852 |
4 |
|
|a Ayesha Abed Library
|j General Shelf.
|
| 942 |
0 |
0 |
|0 1
|
| 999 |
|
|
|c 7548
|d 7548
|
| 952 |
|
|
|0 0
|1 0
|2 ddc
|4 0
|6 820_900000000000000_COM_2005
|7 0
|9 8183
|a BRACUL
|b BRACUL
|c GEN
|d 2010-02-16
|l 2
|m 11
|o 820.9 COM
|p 3010014257
|r 2017-01-30
|s 2017-01-15
|t 1
|w 2010-02-16
|y BK
|